Experimental analysis of new palm oil wax material for engineering application /

The objectives of this research are to determine the influence on tensile strength and hardness of different composition blends by using design of experiment (full factorial design) and to select the optimum composition blends; to determine the machinability characteristics of three different compos...

Volledige beschrijving

Bewaard in:
Bibliografische gegevens
Hoofdauteur: Ahmad Nabil Mohd Khalil (Auteur)
Coauteur: Universiti Malaysia Perlis
Formaat: Thesis Boek
Taal:English
Gepubliceerd in: Perlis, Malaysia School of Manufacturing Engineering, Universiti Malaysia Perlis 2012.
Onderwerpen:
Tags: Voeg label toe
Geen labels, Wees de eerste die dit record labelt!
LEADER 02023ntm a2200373Ii 4500
001 vtls000124621
003 MY-ArUMP
005 20210731163653.0
008 150310s2012 my a f bm 000 0 eng d
035 |a (OCoLC)ocn904574847 
039 9 |a 201503101636  |b SMT  |c 201503101635  |d SMT  |y 201503100900  |z SMT  |e NAHNM 
040 |a MYPMP  |b eng  |e rda  |c MYPMP 
090 0 0 |a TP684  |b P3N116 2012  |c f  |d rb 
100 0 |a Ahmad Nabil Mohd Khalil,  |e author 
245 1 0 |a Experimental analysis of new palm oil wax material for engineering application /  |c Ahmad Nabil Mohd Khalil. 
264 1 |a Perlis, Malaysia  |b School of Manufacturing Engineering, Universiti Malaysia Perlis  |c 2012. 
300 |a 89 pages  |b illustrations  |c 30 cm. 
336 |a text  |b txt  |2 rdacontent 
337 |a unmediated  |b n  |2 rdamedia 
338 |a volume  |b nc  |2 rdacarrier 
502 |a Thesis (Master of Science)--Universiti Malaysia Perlis. School of Manufacturing Engineering, 2012. 
504 |a Includes bibliographical references (pages 88-89). 
520 2 |a The objectives of this research are to determine the influence on tensile strength and hardness of different composition blends by using design of experiment (full factorial design) and to select the optimum composition blends; to determine the machinability characteristics of three different compositions above based on surface roughness measurement, chips formation, and dimensional accuracy and to determine the optimum percentage composition for the highest tensile strength for the three different compositions. 
541 |a Gift from Centre for Graduate Studies  
650 0 |a Palm oil. 
710 2 |a Universiti Malaysia Perlis 
720 1
790 1 |a School of Manufacturing Engineering 
791 1 |a Master of Science 
792 1 |a 2012 
942 |2 lcc  |c BK-TD 
949 |a VIRTUAITEM  |d 30000  |f 1  |x 901  |6 047161 
999 |c 71809  |d 71809 
952 |0 0  |1 0  |2 lcc  |4 0  |6 TP0684 P3 N116 02012 F RB  |7 0  |9 59100  |a PTSFP  |b PTSFP  |c 6  |d 2021-07-31  |o TP684 P3N116 2012 f rb  |p 047161  |r 2021-07-31  |t 1  |w 2021-07-31  |y BK-TD